| 000 | 00817cam a2200301Ii 4500 | ||
|---|---|---|---|
| 001 | 3250577 | ||
| 003 | SIRSI | ||
| 005 | 20190410095127.0 | ||
| 008 | 770908t19661964ilu 000 0 eng d | ||
| 010 | _vAAK-5674 | ||
| 035 | _a(Sirsi) o03250577 | ||
| 035 | _a(Sirsi) 01-AAJ-7492 | ||
| 036 | _au97260 | ||
| 040 |
_aTXS _cTXS _dTSW |
||
| 049 |
_aTSWB _c1,2,3,4 |
||
| 090 |
_aBV652.1 _b.P7 1966 |
||
| 100 | 1 | _aPrime, Derek. | |
| 245 | 1 | 2 | _aA Christian's guide to leadership. |
| 260 |
_aChicago : _bMoody Press, _c1966, c1964. |
||
| 300 |
_a95 p. ; _c18 cm. |
||
| 490 | 0 | _aA Christian forum book. | |
| 504 | _aIncludes bibliographical references. | ||
| 650 | 0 | _aChristian leadership. | |
| 945 | _aBV652.1 .P7 1966 | ||
| 945 | _aBV652.1 .P7 1966 | ||
| 945 | _aBV652.1 .P7 1966 | ||
| 945 | _aBV652.1 .P7 1966 | ||
| 999 |
_c46006 _d46006 |
||